000
00320nam a22001457a 4500
008
230601b ||||| |||| 00| 0 eng d
020
_a
978013418967
041
_a
eng
080
_2
8TH EDITION
_a
51
082
_a
51TOB
100
_a
23
101
_a
MATE
245
_a
INTERMEDIATE ALGEBRA
_c
TOBEY
942
_2
udc
_c
BK
999
_c
59908
_d
59908